| Tag |
First Indicator |
Second Indicator |
Subfields |
| LEADER |
00000cam a2200000 a 4500 |
| 001 |
in00001402985 |
| 005 |
20151020053112.0 |
| 008 |
850822s1983 enk b 000 0 spa |
| 010 |
|
|
|a 85109463
|
| 015 |
|
|
|a GB84-38915
|
| 019 |
|
|
|a 10803763
|a 10809757
|
| 020 |
|
|
|a 0729301591
|
| 035 |
|
|
|a (OCoLC)12586647
|
| 035 |
|
|
|9 AHM7031AM
|
| 040 |
|
|
|a DLC
|c DLC
|d UKM
|d OCL
|d TXA
|d UtOrBLW
|
| 049 |
|
|
|a TXAM
|
| 050 |
0 |
0 |
|a PQ6312
|b .R62 1983
|
| 082 |
0 |
0 |
|a 862/.3
|2 19
|
| 100 |
1 |
|
|a Rodríguez, Evangelina.
|
| 245 |
1 |
0 |
|a Calderón y la obra corta dramática del siglo XVII /
|c Evangelina Rodríguez y Antonio Tordera.
|
| 264 |
|
1 |
|a London :
|b Tamesis Books,
|c [1983]
|
| 264 |
|
4 |
|c ©1983
|
| 300 |
|
|
|a 228 pages ;
|c 24 cm.
|
| 336 |
|
|
|a text
|b txt
|2 rdacontent
|
| 337 |
|
|
|a unmediated
|b n
|2 rdamedia
|
| 338 |
|
|
|a volume
|b nc
|2 rdacarrier
|
| 490 |
1 |
|
|a Colección Támesis. Serie A, Monografias ;
|v 91
|
| 504 |
|
|
|a Bibliography: pages 219-225.
|
| 600 |
1 |
0 |
|a Calderón de la Barca, Pedro,
|d 1600-1681
|x Criticism and interpretation.
|
| 653 |
|
|
|a Drama in Spanish
|a Calderón de la Barca, Pedro - Critical studies - Spanish texts
|
| 700 |
1 |
|
|a Tordera, Antonio,
|d 1945-
|
| 830 |
|
0 |
|a Colección Támesis.
|n Serie A,
|p Monografías ;
|v 91.
|
| 948 |
|
|
|a c:ktn
|
| 999 |
|
|
|a MARS
|
| 999 |
f |
f |
|s 18fddba1-21cf-3b8e-81cc-a4ddfa7ace07
|i b2ebcd14-503b-38c4-a9df-137259a6f3ea
|t 0
|
| 952 |
f |
f |
|p ric
|a Texas A&M University
|b Rellis Campus
|c Joint Library Facility
|d Remote Storage
|t 0
|e PQ6312 .R62 1983
|h Library of Congress classification
|i unmediated -- volume
|m A14822435244
|
| 998 |
f |
f |
|a PQ6312 .R62 1983
|t 0
|l Remote Storage
|